Mathematical analysis (Record no. 449)

MARC details
000 -LEADER
Fixed length control field 00534nam a2200205 4500
003 - CONTROL NUMBER IDENTIFIER
Control field SEACOMEC
005 - DATE AND TIME OF LATEST TRANSACTION
Control field 20240524120424.0
008 - FIXED-LENGTH DATA ELEMENTS--GENERAL INFORMATION
Fixed length control field 240110b |||||||| |||| 00| 0 eng d
020 ## - INTERNATIONAL STANDARD BOOK NUMBER / ISBN
Price Rs,285.00
International Standard Book Number 8122403239.
040 ## - CATALOGING SOURCE
Original cataloging agency SEACOMEC
082 ## - DEWEY DECIMAL CLASSIFICATION NUMBER
Classification number 515
Book Number M251
100 ## - MAIN ENTRY--PERSONAL NAME
Personal name Malik,S.C.
245 1# - TITLE STATEMENT
Title Mathematical analysis
Statement of responsibility S.C. Malik,Savita Arora
250 ## - EDITION STATEMENT
Edition statement 2nd ed.
260 ## - IMPRINT
Place of publication New Delhi
Name of publisher New Age
Date of publication 2005
300 ## - PHYSICAL DESCRIPTION
Page / Vol. No xii,903p. : ills.,figs ; 24cm.
650 ## - SUBJECT ADDED ENTRY--TOPICAL TERM
Topical term mathematics,Analysis
700 ## - ADDED ENTRY--PERSONAL NAME
Personal name Arora,Savita
942 ## - ADDED ENTRY ELEMENTS (KOHA)
Koha item type Books
Holdings
Withdrawn status Lost status Source of classification Damaged status Not for loan Home library Current library Date acquired Total Checkouts Call number Accession number Date last seen Price effective from Koha item type Copy number
    Dewey Decimal Classification     SEACOM ENGINEERING COLLEGE SEACOM ENGINEERING COLLEGE 04/06/2006   515 M251 01452 24/05/2024 24/05/2024 Books  
    Dewey Decimal Classification     SEACOM ENGINEERING COLLEGE SEACOM ENGINEERING COLLEGE 04/06/2006   515 M251 01453 24/05/2024 24/05/2024 Books 1
    Dewey Decimal Classification     SEACOM ENGINEERING COLLEGE SEACOM ENGINEERING COLLEGE 04/06/2006   515 M251 01454 24/05/2024 24/05/2024 Books 2
    Dewey Decimal Classification     SEACOM ENGINEERING COLLEGE SEACOM ENGINEERING COLLEGE 04/06/2006   515 M251 01455 24/05/2024 24/05/2024 Books 3
    Dewey Decimal Classification     SEACOM ENGINEERING COLLEGE SEACOM ENGINEERING COLLEGE 04/06/2006   515 M251 01456 24/05/2024 24/05/2024 Books 4
    Dewey Decimal Classification     SEACOM ENGINEERING COLLEGE SEACOM ENGINEERING COLLEGE 04/06/2006   515 M251 01457 24/05/2024 24/05/2024 Books 5
    Dewey Decimal Classification     SEACOM ENGINEERING COLLEGE SEACOM ENGINEERING COLLEGE 04/06/2006   515 M251 01458 24/05/2024 24/05/2024 Books 6
    Dewey Decimal Classification     SEACOM ENGINEERING COLLEGE SEACOM ENGINEERING COLLEGE 04/06/2006   515 M251 01459 24/05/2024 24/05/2024 Books 7
    Dewey Decimal Classification     SEACOM ENGINEERING COLLEGE SEACOM ENGINEERING COLLEGE 04/06/2006   515 M251 01460 24/05/2024 24/05/2024 Books 8
    Dewey Decimal Classification     SEACOM ENGINEERING COLLEGE SEACOM ENGINEERING COLLEGE 04/06/2006   515 M251 01461 24/05/2024 24/05/2024 Books 9
    Dewey Decimal Classification     SEACOM ENGINEERING COLLEGE SEACOM ENGINEERING COLLEGE 14/09/2006   515 M251 5490 24/05/2024 24/05/2024 Books 10
    Dewey Decimal Classification     SEACOM ENGINEERING COLLEGE SEACOM ENGINEERING COLLEGE 14/09/2006   515 M251 5491 24/05/2024 24/05/2024 Books 11
    Dewey Decimal Classification     SEACOM ENGINEERING COLLEGE SEACOM ENGINEERING COLLEGE 14/09/2006   515 M251 5492 24/05/2024 24/05/2024 Books 12
    Dewey Decimal Classification     SEACOM ENGINEERING COLLEGE SEACOM ENGINEERING COLLEGE 14/09/2006   515 M251 5493 24/05/2024 24/05/2024 Books 13
    Dewey Decimal Classification     SEACOM ENGINEERING COLLEGE SEACOM ENGINEERING COLLEGE 14/09/2006   515 M251 5494 24/05/2024 24/05/2024 Books 14
© Seacom Engineering College, All rights reserved.      Powered by Koha